000
00184 a2200097 4500
020
_a
9789681636593
041
_a
spa
100
_a
Braz, Julio Emilio
245
_a
Saguairu
942
_c
BK
999
_c
28617
_d
28617